Система управления рисками в таможенном деле: учебник

Dettagli Bibliografici
Autore principale: Ершов А. Д. Александр Дмитриевич
Ente Autore: Российская таможенная академия Санкт-Петербургский филиал им. В. Б. Бобкова
Altri autori: Завьялова О. В. Ольга Владимировна
Riassunto:Учебник представляет собой первое издание систематизированных знаний в области теории, методологии и практики системы управления рисками в таможенном деле, объединяющее базовые начала научного и прикладного характера риск-менеджмента, международного и национального таможенного опыта. Содержит анализ новейших тенденций развития современной таможенной службы в области управления рисками и оперативного таможенного контроля. Теоретические и методологические положения книги связаны с реальными процессами таможенного администрирования.Предназначен для студентов вузов, обучающихся по специаль­ности «Таможенное дело». Может быть полезен также студентам магистратуры по профилю подготовки «Менеджмент таможенных услуг», слушателям факультетов повышения квалификации, аспирантам, преподавателям, научным работникам и должностным лицам таможенных органов, интересующимся данным направлением.
Lingua:russo
Pubblicazione: Санкт-Петербург, ГИОРД, 2014
Soggetti:
Natura: MixedMaterials Libro
KOHA link:https://koha.lib.tpu.ru/cgi-bin/koha/opac-detail.pl?biblionumber=261246

MARC

LEADER 00000nam0a2200000 4500
001 261246
005 20231101233540.0
010 |a 9785988791980 
035 |a (RuTPU)RU\TPU\book\284222 
090 |a 261246 
100 |a 20140522d2014 m y0rusy50 ca 
101 0 |a rus 
102 |a RU 
105 |a y j 001zy 
200 1 |a Система управления рисками в таможенном деле  |e учебник  |f А. Д. Ершов, О. В. Завьялова  |g Российская таможенная академия (РТА), Санкт-Петербургский имени В.Б. Бобкова филиал 
210 |a Санкт-Петербург  |c ГИОРД  |d 2014 
215 |a 316 с. 
320 |a Библиогр.: с. 305-316. 
320 |a Глоссарий: с. 254-268. 
330 |a Учебник представляет собой первое издание систематизированных знаний в области теории, методологии и практики системы управления рисками в таможенном деле, объединяющее базовые начала научного и прикладного характера риск-менеджмента, международного и национального таможенного опыта. Содержит анализ новейших тенденций развития современной таможенной службы в области управления рисками и оперативного таможенного контроля. Теоретические и методологические положения книги связаны с реальными процессами таможенного администрирования.Предназначен для студентов вузов, обучающихся по специаль­ности «Таможенное дело». Может быть полезен также студентам магистратуры по профилю подготовки «Менеджмент таможенных услуг», слушателям факультетов повышения квалификации, аспирантам, преподавателям, научным работникам и должностным лицам таможенных органов, интересующимся данным направлением. 
606 1 |a Таможенное дело  |x Экономика  |2 stltpush  |3 (RuTPU)RU\TPU\subj\69328  |9 84236 
610 1 |a таможенная деятельность 
610 1 |a таможенные риски 
610 1 |a управление 
610 1 |a таможенные службы 
610 1 |a Россия 
610 1 |a таможенный контроль 
610 1 |a принятие решений 
610 1 |a оперативный контроль 
610 1 |a риск-менеджмент 
610 1 |a всемирная таможенная организация 
610 1 |a стандарты 
610 1 |a внешнеэкономические операции 
610 1 |a учебные пособия 
686 |a У9(2)428я73  |v LBC/SL-A  |2 rubbk 
700 1 |a Ершов  |b А. Д.  |g Александр Дмитриевич 
701 1 |a Завьялова  |b О. В.  |g Ольга Владимировна 
712 0 2 |a Российская таможенная академия  |b Санкт-Петербургский филиал им. В. Б. Бобкова  |2 stltpush  |3 (RuTPU)RU\TPU\col\4744  |9 24012 
801 1 |a RU  |b 63413507  |c 20140522 
801 2 |a RU  |b 63413507  |c 20150626  |g RCR 
900 |a Управление рисками в таможенном деле 
942 |c BK 
951 |b 036401  |l 8.3 
959 |a 87/20140522  |d 2  |e 550,00  |f ЧЗГЛ:1  |f АНЛ:1